000 002260000a22000970004500
100 1 _aRees, Dai
245 1 0 _aRecolección de agua a bajo costo
300 _aNúm 46 (2001), Páginas 10-11
773 0 _tPaso a paso
942 _cANA
999 _c52582
_d52582